000 01447nam a2200361Ia 4500
003 CO-BoRNBP
005 20250605152235.0
007 ta
008 210811r20142017sp a cr 000 0dspa d
020 _a9788498745658
040 _aCO-BoRNBP
_bspa
_erda
_cCO-BoRNBP
041 1 _aspa
_heng
082 0 4 _a741.56
_bH17d
_222
100 1 _aHart, Christopher
_eautor
_935263
245 1 0 _aDibujar caricaturas, caras y expresiones
_bcómo dibujar paso a paso cabezas y facciones divertidas
_cChristopher Hart ; traducción Luis Lanzas
250 _a1a. edición
264 1 _aMadrid
_bDrac
_c2014
_c2017
300 _a144 páginas
_bilustraciones
_c28 cm
336 _atexto
_btxt
_2rdacontent
337 _asin mediación
_bn
_2rdamedia
338 _avolumen
_bnc
_2rdacarrier
490 0 _aDibujar con
500 _aIncluye índice alfabético al final del texto
505 0 _aFundamentos de las cabezas -- El dibujo de las facciones -- La forma de la cabeza -- Pulir la forma de la cabeza -- La exageración -- Dinámica de la cara -- Peinados -- Sombras y reflejos -- Ejercicios de dibujo
521 _aRecomendado para un público mayor de 12 años
534 _tCartoon academy. Cartoon faces
650 0 4 _aCaras
_vDibujos
_2LEMB
_959938
650 0 0 _aDibujo
_xTécnica
_2LEMB
_959939
650 0 0 _aCaricatura
_xTécnica
_2LEMB
_959940
650 0 0 _aRostro
_vDibujos
_2LEMB
_959941
700 1 _aLanzas, Luis
_etraductor
_959942
942 _2ddc
_cBK
999 _c57217
_d57217